000 00606nam a2200229Ia 4500
003 OSt
005 20220928145326.0
006 a|||||r|||| 00| 0
007 ta
008 220927b |||||||| |||| 00| 0 eng d
024 _a80165
037 _cTextual
040 _aSDCL
_cSDCL
_beng
041 _2eng
_aeng
082 _aX:78, L5
100 _aBecker Gary S
_9388729
245 0 _aHuman capital
_b A theoretical and empirical analysis with special reference to education.
250 _a2
260 _c1975
942 _hX:78, L5
_cTEXL
_2CC
999 _c833212
_d833212